les meilleurs jeux vidéo - Statistiques

Statistiques générales
  • Ce quiz a été pris 753 fois
  • Le résultat moyen est 4 sur 10
Statistiques - réponses
Hint Réponse % Correct
3 fortnite
77%
1 Minecraft
68%
6 GTA
65%
2 call of duty
64%
5 fifa
57%
9 Zelda
33%
10 the last of us
12%
7 animal crossing
11%
4 tous les Mario
3%
8 league gf legends (LOL)
1%
Aucun quiz correspondant
Distribution des résultats
% des personnes avec chaque résultat
Percentile par nombre de réponses
Votre historique - résultats
Vous n’avez pas pris ce quiz